The World book encyclopedia : B V.2. V.2
Enregistré dans:
| Format: | Livre |
|---|---|
| Publié: |
World book, Inc
2001
|
| Tags: |
Ajouter un tag
Pas de tags, Soyez le premier à ajouter un tag!
|
| Thư viện lưu trữ: | Mạng thư viện Đại học Đà Nẵng |
|---|
| LEADER | 00506nam a2200217 a 4500 | ||
|---|---|---|---|
| 001 | 000030423 | ||
| 003 | 26658 | ||
| 005 | 20171030145630.0 | ||
| 008 | 171030s2001 | ||
| 040 | |a LTT | ||
| 082 | 0 | |a 032 |b Wo-B | |
| 245 | 0 | 0 | |a The World book encyclopedia : B V.2. |n V.2 |
| 260 | |b World book, Inc |c 2001 | ||
| 500 | |a SABRES | ||
| OWN | |a LTT | ||
| 999 | |a From the UDN01 | ||
| TYP | |a Monograph | ||
| TYP | |a Printed language | ||
| 980 | |a Mạng thư viện Đại học Đà Nẵng | ||